Artistic literacy : theatre studies and a contemporary liberal education /

Bibliographic Details
Main Author: Kindelan, Nancy Anne
Corporate Author: ebrary, Inc
Format: eBook
Language:English
Published: New York : Palgrave Macmillan, 2012.
Edition:1st ed.
Subjects:
Online Access:Connect to the full text of this electronic book

MARC

Tag First Indicator Second Indicator Subfields
LEADER 00000cam a2200000 a 4500
001 in00002781632
006 m d
007 cr cn|||||||||
008 120215s2012 nyu ob 001 0 eng d
005 20250816223903.8
010 |z  2012003476 
020 |z 9781137008503 (alk. paper) 
020 |z 9781137008510 (e-book) 
035 |a (CaPaEBR)ebr10596868 
040 |a CaPaEBR  |c CaPaEBR  |d UtOrBLW 
043 |a n-us--- 
050 1 4 |a PN2078.U6  |b K56 2012eb 
082 0 4 |a 792.071  |2 23 
100 1 |a Kindelan, Nancy Anne. 
245 1 0 |a Artistic literacy :  |b theatre studies and a contemporary liberal education /  |c Nancy Kindelan. 
250 |a 1st ed. 
264 1 |a New York :  |b Palgrave Macmillan,  |c 2012. 
300 |a 1 online resource (xix, 196 pages) 
336 |a text  |b txt  |2 rdacontent 
337 |a computer  |b c  |2 rdamedia 
338 |a online resource  |b cr  |2 rdacarrier 
504 |a Includes bibliographical references and index. 
505 0 |a Introduction: a call to action -- The makings of a contemporary liberal education -- The evolution of the liberal arts -- The evolution of theatre studies programs -- A contemporary liberal education -- The pedagogies and strategies of theatre studies -- Setting the stage for learning in the twenty-first century -- Intentional learning through the art of the theatre -- Rehearsing for participatory democracy -- Artistic literacy in action -- Artistic literacy and the twenty-first-century workforce. 
500 |a Electronic resource. 
650 0 |a Theater  |x Study and teaching (Higher)  |z United States. 
650 0 |a Education, Humanistic  |z United States. 
655 7 |a Electronic books.  |2 local 
710 2 |a ebrary, Inc. 
856 4 0 |u https://ebookcentral.proquest.com/lib/tamucs/detail.action?docID=1016513  |y Connect to the full text of this electronic book  |t 0 
980 |a 120925  |b 85  |c USD  |e 85  |f YBP_EBR0000043082  |g 1 
999 f f |s 332a76eb-ebac-3912-b435-2dc3fe7d76fd  |i 0bae364e-a771-39b7-9a2c-6e737d1e5a1b  |t 0 
999 |a MARS 
952 f f |a Texas A&M University  |b College Station  |c Electronic Resources  |d Available Online  |t 0  |e PN2078.U6 K56 2012eb  |h Library of Congress classification 
998 f f |a PN2078.U6 K56 2012eb  |t 0  |l Available Online